Statistics for European Countries with Multiple Major Cities

Click here to take the quiz!

General Stats

  • This quiz has been taken 344 times
  • The average score is 11 of 12

Answer Stats

HintAnswer% Correct
9Germany
100%
4Italy
100%
4Spain
100%
9United Kingdom
100%
10Russia
99%
5France
98%
3Poland
94%
4Netherlands
92%
2Greece
91%
2Portugal
90%
5Ukraine
89%
2Belgium
86%

Score Distribution

Percentile by Number Answered

Percent of People with Each Score

Your Score History

You have not taken this quiz